[Event "CZE-chT1 East 0506"]
[Site "Czech Republic"]
[Date "2006.03.05"]
[Round "9.1"]
[White "Sergeev, Vladimir"]
[Black "Bernasek, Lukas"]
[Result "0-1"]
[WhiteElo "2436"]
[BlackElo "2440"]
[PlyCount "43"]
[EventDate "2005.10.23"]
[EventType "team-tourn"]
[EventRounds "11"]
[EventCountry "CZE"]
[SourceTitle "EXT 2008"]
[Source "ChessBase"]
[SourceDate "2007.11.25"]
[SourceVersion "1"]
[SourceVersionDate "2007.11.25"]
[SourceQuality "1"]

1. Nf3 Nf6 2. d4 g6 3. Bg5 Bg7 4. c3 d5 5. Nbd2 0-0 6. e3 Nbd7 7. Be2 Re8 8. 0-0 e5 9. Nb3 c6 10. Rc1 e4 11. Nfd2 b5 12. Ra1 a5 13. a4 Qb6 14. f3 h6 15. Bh4 exf3 16. Rxf3 bxa4 17. Rxa4 c5 18. Qa1 cxd4 19. cxd4 g5 20. Bg3 g4 21. Rf2 Rxe3 22. Qd1 0-1